[Event "3rd ESNAI-ch 2018"]
[Site "Klaksvik"]
[Date "2018.04.22"]
[Round "9"]
[White "Frick, Renato"]
[Black "Belzo, Krzysztof"]
[Result "1-0"]
[WhiteElo "2062"]
[BlackElo "2103"]
[Annotator "NA"]
[PlyCount "65"]
[EventDate "2018.??.??"]
[EventType "tourn"]
[EventCountry "FAI"]
[SourceTitle "playchess.com"]
[Source "ChessBase"]
[SourceQuality "1"]
[TimeControl "40/5400+30:1800+30"]

1. e4 {[%emt 0:00:00]} g6 {[%emt 0:00:06]} 2. d4 {[%emt 0:00:00]} Bg7 {[%emt 0:00:03]} 3. Nc3 {[%emt 0:00:00]} c5 {[%emt 0:00:06]} 4. Nf3 {[%emt 0:00:06]} cxd4 {[%emt 0:00:33] LiveBook: 764 Games} 5. Nxd4 {[%emt 0:00:11]} Nc6 {[%emt 0:00:16]} 6. Be3 {[%emt 0:00:06]} Nf6 {[%emt 0:00:38]} 7. Bc4 {[%emt 0:02:28]} O-O {[%emt 0:00:13]} 8. Bb3 {[%emt 0:00:09]} d6 {[%emt 0:00:31]} 9. f3 {[%emt 0:00:12]} Bd7 {[%emt 0:00:07]} 10. Qd2 {[%emt 0:00:11]} Nxd4 {[%emt 0:02:53]} 11. Bxd4 {[%emt 0:00:17]} b5 {[%emt 0:00:02]} 12. h4 {[%emt 0:01:01]} a5 {[%emt 0:00:25]} 13. a4 {[%emt 0:04:23]} b4 {[%emt 0:05:40] B77: Sicilian Dragon: Yugoslav Attack, 9 Bc4 sidelines} (13... bxa4 14. Nxa4 h5 15. Nb6 Ra6 16. Nxd7 Nxd7 17. Bxg7 Kxg7 18. Bc4 Ra8 19. Qd4+ {½-½ (19) Vachier Lagrave,M (2795)-Radjabov,T (2710) Moscow 2017}) 14. Nd5 {[%emt 0:02:10]} e6 {[%emt 0:24:01]} ({Black should play} 14... Nxd5 $14 15. Bxg7 Kxg7 16. Bxd5 Rc8) 15. Nxf6+ {[%emt 0:32:56]} Bxf6 {[%emt 0:00:07]} 16. Bxf6 {[%emt 0:06:47]} Qxf6 {[%emt 0:00:02]} 17. O-O-O {[%emt 0:00:11]} Rad8 $146 {[%emt 0:17:08]} ({Predecessor:} 17... Rfd8 18. Qg5 Qxg5+ 19. hxg5 Bc6 20. Rd4 Rd7 21. Kd2 Kg7 22. Ke3 Re8 23. Re1 d5 24. e5 Rb7 25. Rh4 Bd7 26. Reh1 Rh8 27. g4 Rc7 28. R1h2 {½-½ (28) Minic,D-Plater,K Polanica Zdroj 1963}) 18. Qe3 {[%emt 0:00:40]} Qe5 {[%emt 0:07:55] [#]} 19. Rd3 {[%emt 0:05:06]} (19. h5 $142 $1 {[%mdl 512]}) 19... Bc6 {[%emt 0:05:33]} 20. Rhd1 {[%emt 0:00:49]} Rd7 {[%emt 0:01:01]} 21. Qb6 {[%emt 0:02:57]} Rc8 {[%emt 0:00:27]} 22. Qe3 {[%emt 0:04:55]} (22. Rd4 $16) 22... Rcd8 {[%emt 0:03:43]} 23. Kb1 {[%emt 0:01:29]} Kg7 $11 {[%emt 0:08:37]} 24. Qb6 {[%emt 0:06:48]} Rc8 {[%emt 0:01:03]} 25. g4 {[%emt 0:03:52]} h6 {[%emt 0:05:03]} 26. Qe3 {[%emt 0:01:59]} Rcd8 {[%emt 0:00:36]} 27. Ka2 {[%emt 0:03:56]} Kh7 {[%emt 0:03:46]} 28. Qb6 {[%emt 0:00:57]} Rc8 {[%emt 0:01:40]} 29. c4 {[%emt 0:04:05]} bxc3 {[%emt 0:07:50]} 30. Rxc3 {[%emt 0:00:17]} Rb7 {[%emt 0:00:36]} 31. Qd4 {[%emt 0:00:57]} Bd7 {[%emt 0:03:20]} 32. Qxe5 {[%emt 0:00:26]} dxe5 {[%emt 0:00:01]} 33. Rxd7 {[%emt 0:00:09]} 1-0

[Event "3rd ESNAI-ch 2018"]
[Site "Klaksvik"]
[Date "2018.04.22"]
[Round "9"]
[White "Kirby, Peter J"]
[Black "Klerides, Paris"]
[Result "0-1"]
[WhiteElo "1985"]
[BlackElo "2183"]
[Annotator "NA"]
[PlyCount "198"]
[EventDate "2018.??.??"]
[EventType "tourn"]
[EventCountry "FAI"]
[SourceTitle "playchess.com"]
[Source "ChessBase"]
[SourceQuality "1"]
[TimeControl "40/5400+30:1800+30"]

1. Nf3 {[%emt 0:00:00]} Nf6 {[%emt 0:00:23]} 2. c4 {[%emt 0:00:00]} g6 {[%emt 0:00:24]} 3. g3 {[%emt 0:00:25]} Bg7 {[%emt 0:00:01]} 4. Bg2 {[%emt 0:00:06]} O-O {[%emt 0:00:05]} 5. O-O {[%emt 0:00:20]} d6 {[%emt 0:00:02]} 6. d4 {[%emt 0:00:12]} Nbd7 {[%emt 0:00:15]} 7. Nc3 {[%emt 0:00:10]} e5 {[%emt 0:00:10]} 8. e4 {[%emt 0:00:04]} c6 {[%emt 0:00:09]} 9. h3 {[%emt 0:00:12]} Qb6 {[%emt 0:00:23]} 10. Re1 {[%emt 0:00:23]} Re8 {[%emt 0:02:45]} 11. d5 {[%emt 0:00:06]} Nc5 {[%emt 0:01:23] E69: King's Indian: Fianchetto: 6...Nbd7 7 0-0 e5 8 e4 c6 9 h3} (11... cxd5 12. cxd5 Nc5 13. Rb1 a5 14. Be3 Bd7 15. Nd2 Rec8 16. Qe2 Qd8 17. Rec1 Ne8 18. b3 h5 19. a3 h4 20. g4 Bf6 21. Nf3 Be7 22. b4 axb4 23. axb4 {½-½ (79) Alekseev,E (2636)-Goganov,A (2635) St Petersburg 2016}) 12. Qc2 {[%emt 0:05:00]} Bd7 {[%emt 0:02:08]} 13. Be3 {[%emt 0:00:38]} cxd5 {[%emt 0:01:39]} 14. cxd5 {[%emt 0:04:35]} Rac8 $146 {[%emt 0:02:56]} ({Predecessor:} 14... Rec8 15. Rac1 Ne8 16. Qb1 a5 17. Nd2 a4 18. b4 axb3 19. Nxb3 Qa7 20. Bf1 b6 {1-0 (48) Raja,R (2241)-Mahmud,S (2216) Puchong 2017}) 15. Nd2 {[%emt 0:07:27]} Qc7 {[%emt 0:14:32]} 16. Rac1 {[%emt 0:02:24]} (16. a4 $16) 16... b5 {[%emt 0:01:08]} 17. b4 {[%emt 0:12:28]} Na4 {[%emt 0:03:30]} 18. Ndb1 {[%emt 0:00:51]} Qb7 {[%emt 0:03:12]} 19. Qb3 {[%emt 0:02:03]} Nb6 {[%emt 0:00:56]} 20. Nd2 {[%emt 0:00:47]} Rc7 {[%emt 0:03:07]} 21. Bf1 {[%emt 0:03:40]} Rec8 {[%emt 0:02:33]} 22. Qb2 {[%emt 0:00:53]} a6 {[%emt 0:06:05]} (22... Ne8 $11 23. Ne2 (23. Nxb5 $2 Na4 $19) 23... f5) 23. a3 {[%emt 0:01:06]} Bf8 {[%emt 0:05:35]} 24. Kg2 {[%emt 0:04:05]} Rxc3 {[%emt 0:01:42]} 25. Rxc3 {[%emt 0:00:14]} Na4 {[%emt 0:00:12]} 26. Rxc8 {[%emt 0:03:22]} Nxb2 {[%emt 0:00:17]} 27. Rc2 {[%emt 0:00:28]} Na4 {[%emt 0:01:14]} 28. Rec1 {[%emt 0:00:50]} Ne8 {[%emt 0:12:43]} 29. Nb3 {[%emt 0:01:36]} h5 {[%emt 0:07:48]} 30. Na5 {[%emt 0:00:28]} Qa8 {[%emt 0:00:04]} 31. Be2 {[%emt 0:04:11]} Kh7 {[%emt 0:01:48]} 32. g4 {[%emt 0:00:16]} f5 {[%emt 0:06:52]} 33. gxf5 {[%emt 0:05:27]} gxf5 {[%emt 0:00:28]} 34. Bxh5 {[%emt 0:02:21]} fxe4 {[%emt 0:02:57]} 35. Bxe8 {[%emt 0:00:26]} Qxe8 {[%emt 0:00:19]} 36. Rc7 {[%emt 0:01:38]} Bh6 {[%emt 0:01:14]} 37. Rb7 {[%emt 0:05:41]} Bxe3 {[%emt 0:08:34]} 38. fxe3 {[%emt 0:00:02]} Kh6 {[%emt 0:01:58]} 39. Rcc7 {[%emt 0:01:12]} Bf5 {[%emt 0:00:09]} 40. Rf7 {[%emt 0:00:00]} Qg8+ {[%emt 0:01:45]} 41. Kh2 {[%emt 0:02:22]} Bg6 {[%emt 0:01:47]} 42. Rf6 {[%emt 0:03:15]} Qxd5 {[%emt 0:00:50]} 43. Rd7 {[%emt 0:00:33]} Qd2+ {[%emt 0:02:34]} 44. Kh1 {[%emt 0:00:02]} Qe1+ {[%emt 0:02:19]} 45. Kh2 {[%emt 0:02:49]} Kg5 {[%emt 0:02:43]} 46. Rfxd6 {[%emt 0:04:44]} Qf2+ {[%emt 0:02:16]} 47. Kh1 {[%emt 0:00:04]} Kh5 {[%emt 0:11:12]} 48. Rd8 {[%emt 0:02:59]} Qf7 {[%emt 0:07:27]} 49. Nc6 {[%emt 0:04:35]} Qf1+ {[%emt 0:01:08]} 50. Kh2 {[%emt 0:00:00]} Qf2+ {[%emt 0:00:03]} 51. Kh1 {[%emt 0:00:04]} Qxe3 {[%emt 0:00:23]} 52. Rh8+ {[%emt 0:02:11]} Kg5 {[%emt 0:00:01]} 53. h4+ {[%emt 0:01:04]} Kf4 {[%emt 0:02:30]} 54. Rxg6 {[%emt 0:02:48]} Qc1+ {[%emt 0:00:33]} 55. Kg2 {[%emt 0:01:56]} e3 {[%emt 0:00:12]} 56. Rf8+ {[%emt 0:01:27]} Ke4 {[%emt 0:00:07]} 57. Re8 {[%emt 0:02:43]} Qb2+ {[%emt 0:00:31]} 58. Kh3 {[%emt 0:04:38]} e2 {[%emt 0:01:34]} 59. Rge6 {[%emt 0:00:20]} Qc3+ {[%emt 0:02:18]} 60. Kg4 {[%emt 0:06:06]} Qxc6 {[%emt 0:02:41]} 61. Rxe5+ {[%emt 0:00:58]} Kd3 {[%emt 0:01:37]} 62. Re3+ {[%emt 0:00:18]} Kd4 {[%emt 0:00:21]} 63. Rxe2 {[%emt 0:00:02]} Nc3 {[%emt 0:00:42]} 64. R8e6 {[%emt 0:03:01]} Qc8 {[%emt 0:01:04]} 65. Rd2+ {[%emt 0:02:32]} Kc4 {[%emt 0:00:05]} 66. Rdd6 {[%emt 0:00:15]} Qg8+ {[%emt 0:00:36]} 67. Rg6 {[%emt 0:00:42]} Qc8+ {[%emt 0:00:02]} 68. Rge6 {[%emt 0:02:41]} Kb3 {[%emt 0:00:10]} 69. Rxa6 {[%emt 0:01:10]} Na4 {[%emt 0:00:10]} 70. Rac6 {[%emt 0:00:39]} Qd7 {[%emt 0:00:10]} 71. Rcd6 {[%emt 0:01:10] [#]} Qg7+ $1 {[%emt 0:01:07]} 72. Rg6 {[%emt 0:00:41]} Qb7 {[%emt 0:00:20]} 73. Rd3+ {[%emt 0:01:35]} Nc3 {[%emt 0:00:03]} 74. Rgd6 {[%emt 0:04:47]} Qc8+ {[%emt 0:00:10]} 75. Kg5 {[%emt 0:00:40]} Kxa3 {[%emt 0:00:07]} 76. h5 {[%emt 0:00:25]} Kxb4 {[%emt 0:00:08]} 77. R6d4+ $19 {[%emt 0:01:32]} Ka5 {[%emt 0:01:13]} 78. h6 {[%emt 0:00:37]} Qg8+ {[%emt 0:00:15]} 79. Kf6 {[%emt 0:02:20]} Qh8+ {[%emt 0:00:08]} 80. Kg6 {[%emt 0:00:10]} Qg8+ {[%emt 0:00:05]} 81. Kf6 {[%emt 0:00:06]} Qh7 {[%emt 0:00:20]} 82. Kg5 {[%emt 0:01:56]} Ne4+ {[%emt 0:00:48]} 83. Kf4 {[%emt 0:01:32]} Nc5 {[%emt 0:00:36]} 84. Ra3+ {[%emt 0:00:35]} Kb6 {[%emt 0:00:17]} 85. Rd6+ {[%emt 0:02:17]} Kb7 {[%emt 0:00:08]} 86. Re3 {[%emt 0:02:45]} Kc7 {[%emt 0:01:18]} 87. Rf6 {[%emt 0:00:21]} Nd7 {[%emt 0:00:35]} 88. Rfe6 {[%emt 0:02:15]} Qf7+ {[%emt 0:00:21]} 89. Kg5 {[%emt 0:00:22]} b4 {[%emt 0:00:22]} 90. Re7 {[%emt 0:02:07]} Qf6+ {[%emt 0:00:05]} 91. Kh5 {[%emt 0:00:01]} Qf5+ {[%emt 0:00:18]} 92. Kh4 {[%emt 0:00:05]} Qf4+ {[%emt 0:00:42]} 93. Kh5 {[%emt 0:00:01]} Qf5+ {[%emt 0:01:03]} 94. Kh4 {[%emt 0:00:03]} Qf6+ {[%emt 0:01:26]} 95. Kh5 {[%emt 0:00:55]} b3 {[%emt 0:00:54]} 96. R7e6 {[%emt 0:04:08]} Qf5+ {[%emt 0:00:06]} 97. Kh4 {[%emt 0:00:07]} b2 {[%emt 0:00:25]} 98. Rc3+ {[%emt 0:01:40]} Kd8 {[%emt 0:00:07]} 99. h7 {[%emt 0:00:29]} Qxh7+ {[%emt 0:00:06]} 0-1